000 00657nam a22002057a 4500
005 20251108173519.0
008 250721s2007 xx 000 0 ara d
020 _a9789957250539
082 1 4 _a658.403/صما
100 1 _aالصمادي، أحمد محمد الهزاع
245 1 0 _aأساسيات بحوث العمليات /
246 1 1 _aFundamentals of Operation Research
264 1 _aعمان :
_bدار قنديل للنشر و التوزيع،
_c2007.
300 _a280ص.
650 1 7 _aإدارة العمليات
650 1 7 _aإدارة الأعمال
650 1 7 _aبحوث العمليات
942 _2ddc
_cBK
999 _c105714
_d105714